[Event "Wch Seniors 50 26th"]
[Site "Marianske Lazne"]
[Date "2016.11.19"]
[Round "1"]
[White "Krutina, Miroslav"]
[Black "Tunik, Gennady"]
[Result "0-1"]
[WhiteElo "1983"]
[BlackElo "2404"]
[PlyCount "120"]
[EventDate "2016.11.19"]
[EventType "swiss"]
[EventRounds "11"]
[EventCountry "CZE"]
[SourceTitle "CBM 175 Extra"]
[Source "ChessBase"]
[SourceDate "2016.12.12"]
[SourceVersion "1"]
[SourceVersionDate "2016.12.12"]
[SourceQuality "1"]

1. Nf3 Nf6 2. g3 d5 3. c4 c6 4. Bg2 dxc4 5. Qc2 b5 6. b3 cxb3 7. axb3 Bb7 8. Bb2 e6 9. d4 Bb4+ 10. Nbd2 Nbd7 11. 0-0 0-0 12. Rfd1 Qb6 13. Ne1 Rac8 14. Nd3 c5 15. Nxb4 cxb4 16. Qd3 Bxg2 17. Kxg2 Qc6+ 18. Nf3 Qc2 19. Bc1 Qxd3 20. Rxd3 a5 21. Bf4 Ra8 22. Rd2 Ra7 23. Rc2 Ne4 24. Ne1 Rfa8 25. Nd3 Nc3 26. Rb2 f6 27. f3 Kf7 28. e4 f5 29. exf5 exf5 30. Bd2 Kg8 31. Kf2 Nf6 32. Ne5 Ra6 33. Nd3 Nfd5 34. Bf4 Nxf4 35. Nxf4 Rd6 36. Ke3 Re8+ 37. Kd3 Red8 38. Ne2 Nxe2 39. Kxe2 Rxd4 40. Rxa5 R4d5 41. Ra7 f4 42. gxf4 Rf5 43. Rd2 Rxd2+ 44. Kxd2 Rxf4 45. Ke3 Rh4 46. Ra2 h6 47. Rc2 Kh7 48. Rg2 g5 49. Rg4 Rxh2 50. Rxb4 Rg2 51. Rxb5 h5 52. Ke4 h4 53. Rb7+ Kg6 54. Rb6+ Kh5 55. Rb8 Rc2 56. Kf5 Rc5+ 57. Kf6 Rc6+ 58. Kf5 h3 59. Rd8 h2 60. Rd1 Kh4 0-1

[Event "Tatry op"]
[Site "Tatranske Zruby"]
[Date "2012.09.26"]
[Round "5"]
[White "Krutina, Miroslav"]
[Black "Janousek, Petr"]
[Result "1/2-1/2"]
[WhiteElo "1997"]
[BlackElo "2176"]
[PlyCount "94"]
[EventDate "2012.09.23"]
[EventType "swiss"]
[EventRounds "9"]
[EventCountry "SVK"]
[SourceTitle "CBM 150 Extra"]
[Source "ChessBase"]
[SourceDate "2012.10.19"]
[SourceVersion "1"]
[SourceVersionDate "2012.10.19"]
[SourceQuality "1"]

1. Nf3 Nf6 2. c4 g6 3. b3 Bg7 4. Bb2 0-0 5. g3 d6 6. d4 Nbd7 7. Bg2 c6 8. 0-0 Qc7 9. Nc3 Re8 10. Qd2 a6 11. e4 c5 12. Nd5 Nxd5 13. cxd5 b6 14. Rac1 Bb7 15. Ne1 Rad8 16. f4 Nf6 17. dxc5 bxc5 18. Nd3 Qb6 19. Nf2 a5 20. Bc3 Ra8 21. e5 dxe5 22. fxe5 Nxd5 23. Bxd5 Red8 24. Bxf7+ Kxf7 25. Qf4+ Kg8 26. Rce1 Ba6 27. Re3 Rf8 28. Qe4 Bxf1 29. Kxf1 Qe6 30. Kg2 Rac8 31. Nd3 Bh6 32. Re2 Qc6 33. Qxc6 Rxc6 34. Bxa5 Rfc8 35. Be1 e6 36. Nb2 Ra6 37. Nc4 Rd8 38. Kf3 Rd3+ 39. Ke4 Rd4+ 40. Kf3 Rd3+ 41. Kg2 Bf8 42. Kf2 Be7 43. Kf1 Ra8 44. Rc2 Rd1 45. Ke2 Rdd8 46. Bf2 Ra6 47. Nd2 Rc6 1/2-1/2

[Event "Klatovy op-A"]
[Site "Klatovy"]
[Date "2005.07.10"]
[Round "9"]
[White "Krutina, Miroslav"]
[Black "Svoboda, Vaclav1111"]
[Result "0-1"]
[WhiteElo "1985"]
[BlackElo "1989"]
[PlyCount "60"]
[EventDate "2005.07.02"]
[EventType "swiss"]
[EventRounds "9"]
[EventCountry "CZE"]
[SourceTitle "CBM 107 Extra"]
[Source "ChessBase"]
[SourceDate "2005.09.01"]
[SourceVersion "1"]
[SourceVersionDate "2005.09.01"]
[SourceQuality "1"]

1. e4 c5 2. Nc3 Nc6 3. g3 g6 4. Bg2 Bg7 5. d3 d6 6. Nf3 Nf6 7. 0-0 0-0 8. h3 Rb8 9. Be3 b5 10. Qc1 Re8 11. Bh6 Bh8 12. Ne2 Nd7 13. c3 b4 14. Qd2 Ba6 15. Rac1 Nde5 16. Ne1 Qa5 17. f4 Nd7 18. f5 Qxa2 19. Rc2 Qa5 20. Qf4 Nde5 21. Rd2 bxc3 22. bxc3 Rb1 23. fxg6 hxg6 24. Qh4 Qa1 25. g4 Reb8 26. Qf2 R8b2 27. d4 Bxe2 28. dxe5 Bxf1 29. exd6 exd6 30. Kxf1 Bxc3 0-1

[Event "Klatovy op-A"]
[Site "Klatovy"]
[Date "2005.07.09"]
[Round "8"]
[White "Jonas, Vlastimil"]
[Black "Krutina, Miroslav"]
[Result "1/2-1/2"]
[WhiteElo "2055"]
[BlackElo "1985"]
[PlyCount "98"]
[EventDate "2005.07.02"]
[EventType "swiss"]
[EventRounds "9"]
[EventCountry "CZE"]
[SourceTitle "CBM 107 Extra"]
[Source "ChessBase"]
[SourceDate "2005.09.01"]
[SourceVersion "1"]
[SourceVersionDate "2005.09.01"]
[SourceQuality "1"]

1. e4 c5 2. c3 e6 3. d4 d5 4. exd5 exd5 5. Nf3 Nc6 6. Be2 h6 7. 0-0 Nf6 8. Re1 Be6 9. Bf4 c4 10. Ne5 Be7 11. Qa4 Qc8 12. Nd2 a6 13. Nxc6 bxc6 14. b3 0-0 15. bxc4 c5 16. Bf3 Ra7 17. cxd5 Nxd5 18. Bxd5 Bxd5 19. dxc5 Qg4 20. f3 Bxc5+ 21. Kh1 Qh4 22. Ne4 Be7 23. Bg3 Qh5 24. Rad1 Be6 25. Bd6 Bxd6 26. Rxd6 Qb5 27. Rd4 Rb8 28. Qc2 Qb2 29. Rd2 Qa3 30. Red1 Qe7 31. h3 Rc7 32. Rd6 Bc4 33. Ng3 Rcc8 34. Ne4 Qb7 35. R6d2 Qc7 36. Rd7 Qc6 37. R7d4 Be6 38. Nd6 Qxc3 39. Qe4 Rf8 40. R4d2 Qa5 41. Qc2 Qa3 42. Qc1 Qa4 43. Qc2 Rb4 44. Ne4 Qa3 45. Kg1 Ra4 46. Ra1 Qe3+ 47. Kh1 Rc4 48. Qd1 Qf4 49. Rd8 Rc8 1/2-1/2

[Event "Klatovy op-A"]
[Site "Klatovy"]
[Date "2005.07.02"]
[Round "1"]
[White "Krutina, Miroslav"]
[Black "Trmal, Jaroslav"]
[Result "0-1"]
[WhiteElo "1985"]
[BlackElo "2293"]
[PlyCount "118"]
[EventDate "2005.07.02"]
[EventType "swiss"]
[EventRounds "9"]
[EventCountry "CZE"]
[SourceTitle "CBM 107 Extra"]
[Source "ChessBase"]
[SourceDate "2005.09.01"]
[SourceVersion "1"]
[SourceVersionDate "2005.09.01"]
[SourceQuality "1"]

1. Nf3 d5 2. g3 f5 3. b3 Nf6 4. Bb2 e6 5. d3 Bd6 6. Nbd2 Qe7 7. Ne5 Nbd7 8. Ndf3 0-0 9. Bg2 b6 10. 0-0 Bb7 11. Nxd7 Nxd7 12. d4 c5 13. e3 Rac8 14. Qe2 c4 15. c3 b5 16. Nd2 Nb6 17. b4 Na4 18. Nb1 Bc6 19. Bc1 Be8 20. f4 h6 21. a3 g5 22. Ra2 Rc7 23. Kf2 Qf6 24. Rh1 Rg7 25. Ke1 Bg6 26. Bf3 Kf7 27. Qd1 Ke7 28. Qe2 Kd7 29. Qf2 Kc7 30. Qe2 Rh8 31. Kd1 Be7 32. Bd2 Qf7 33. Kc1 h5 34. h4 gxh4 35. gxh4 Bf6 36. Be1 Qg8 37. Rg1 Qh7 38. Qh2 Rhg8 39. Rag2 Kd7 40. Ra2 Be8 41. Rag2 Rxg2 42. Rxg2 Rg4 43. Rg1 Qe7 44. Rh1 Rg8 45. Qe2 Qh7 46. Qh2 Bf7 47. Qe2 a5 48. Qd2 Ra8 49. Qh2 Qh8 50. Rg1 Ra6 51. Rg2 Nb6 52. Rb2 Kc6 53. Qe2 Be7 54. Ra2 Nd7 55. Rb2 Nf6 56. a4 axb4 57. axb5+ Kxb5 58. cxb4 Qa8 59. Nc3+ Kb6 0-1

[Event "Tatry op"]
[Site "Tatranske Zruby"]
[Date "2002.09.28"]
[Round "1"]
[White "Talla, Vladimir"]
[Black "Krutina, Miroslav"]
[Result "1-0"]
[WhiteElo "2362"]
[BlackElo "2008"]
[PlyCount "63"]
[EventDate "2002.09.28"]
[EventType "swiss"]
[EventRounds "9"]
[EventCountry "SVK"]
[SourceTitle "EXT 2005"]
[Source "ChessBase"]
[SourceDate "2004.11.15"]
[SourceVersion "1"]
[SourceVersionDate "2004.11.15"]
[SourceQuality "1"]

1. e4 c5 2. Nf3 Nc6 3. d4 cxd4 4. Nxd4 Nf6 5. Nc3 d6 6. Bg5 e6 7. Qd2 a6 8. 0-0-0 h6 9. Be3 Bd7 10. f3 Qc7 11. Kb1 Na5 12. g4 Nc4 13. Bxc4 Qxc4 14. h4 0-0-0 15. g5 Ne8 16. Nb3 Kb8 17. a3 Qc8 18. gxh6 b5 19. hxg7 Nxg7 20. Bg5 Re8 21. Bf4 e5 22. Be3 Be6 23. Nd5 Bxd5 24. Qxd5 Qb7 25. Qd2 Be7 26. Na5 Qc7 27. c4 Bd8 28. b4 bxc4 29. Rc1 Ne6 30. Qd5 Rxh4 31. Rxh4 Bxh4 32. Rxc4 1-0

[Event "CZE-chTJ 0102"]
[Site "Czech Republic"]
[Date "2002.??.??"]
[Round "7"]
[White "Rajnys, Vladimir"]
[Black "Krutina, Miroslav"]
[Result "1-0"]
[WhiteElo "2138"]
[BlackElo "2022"]
[PlyCount "197"]
[EventDate "2001.??.??"]
[EventType "team"]
[EventRounds "11"]
[EventCountry "CZE"]
[SourceTitle "EXT 2003"]
[Source "ChessBase"]
[SourceDate "2002.11.25"]
[SourceVersion "1"]
[SourceVersionDate "2002.11.25"]
[SourceQuality "1"]
[WhiteTeam "Ceske Budejovice"]
[BlackTeam "Domazlice"]
[WhiteTeamCountry "CZE"]
[BlackTeamCountry "CZE"]

1. e4 c5 2. Nc3 Nc6 3. d3 e6 4. f4 d5 5. Bd2 Nge7 6. Nf3 g6 7. g3 Bg7 8. Bg2 0-0 9. Rb1 Rb8 10. 0-0 b5 11. Ne2 b4 12. Be3 Qa5 13. e5 Bb7 14. g4 d4 15. Bd2 Qb6 16. Ng3 Na5 17. b3 Nd5 18. Qe1 f5 19. exf6 Nxf6 20. g5 Nd5 21. Ne5 Rbd8 22. Ne4 Bxe5 23. fxe5 Rxf1+ 24. Bxf1 Rf8 25. Nf6+ Nxf6 26. exf6 Qc6 27. Qg3 Qh1+ 28. Kf2 Qd5 29. Re1 Nc6 30. Bf4 Nd8 31. Bd6 Re8 32. Be7 Nf7 33. h4 e5 34. Bh3 Rc8 35. h5 Rc7 36. hxg6 hxg6 37. Rg1 Bc6 38. Bg2 Qd7 39. Bxc6 Rxc6 40. Qh4 Qf5+ 41. Ke1 Qf4 42. Qxf4 exf4 43. Kf2 Ne5 44. Re1 Nf7 45. Kf3 Nxg5+ 46. Kxf4 Ne6+ 47. Ke4 Nc7 48. Rg1 Kf7 49. Rh1 Re6+ 50. Kf3 Re3+ 51. Kf2 Re5 52. Rh8 Ke6 53. Rc8 Kd7 54. Rd8+ Ke6 55. Rd6+ Kf7 56. Rc6 Nd5 57. Bxc5 Rf5+ 58. Ke1 Rf4 59. Bxa7 Nxf6 60. Rc4 Nd5 61. Rxd4 Rf5 62. Rc4 g5 63. Bc5 Kg6 64. Bxb4 Ne3 65. Rc6+ Kh5 66. Bd2 Ng2+ 67. Ke2 Nf4+ 68. Bxf4 Rxf4 69. Rc8 g4 70. Rh8+ Kg5 71. a4 g3 72. c3 Kg4 73. Rh1 Rf2+ 74. Ke3 Rf3+ 75. Kd4 g2 76. Rg1 Kg3 77. a5 Rf1 78. Rxg2+ Kxg2 79. b4 Ra1 80. Kc5 Kf3 81. d4 Ke4 82. c4 Kd3 83. d5 Rc1 84. b5 Rxc4+ 85. Kb6 Rb4 86. Kc6 Rc4+ 87. Kb7 Rc5 88. b6 Rxa5 89. d6 Kc4 90. d7 Rd5 91. Kc8 Rc5+ 92. Kb7 Rd5 93. Kc8 Rc5+ 94. Kb8 Rd5 95. Kc7 Kb5 96. b7 Rc5+ 97. Kd6 Rc6+ 98. Kd5 Rc5+ 99. Kd4 1-0